000 01546nam a2200349 c 4500
003 BLK
005 20250701162633.0
008 180408b bul|||||r ||||||| ||bul||
010 _aKNG00078168000
020 _a978-954-28-0011-8
_bиздат.: Сиела Софт енд Паблишинг
040 _aBLK
041 _aBUL
_cBUL
080 _aНемска литература
_b821.112.2
_x-31
_z821.112.2-31
080 _aБългарска литература
_b821.163.2
_x-054.7-31
_z821.163.2-054.7-31
100 1 _aТроянов, Илия Маринов
_eпърви автор
_9262366
700 1 _aФъркова, Гергана Иванова
_9262367
139 _aТроянов, Илия Маринов
_bТ 86
245 1 0 _aСветът е голям и спасение дебне отвсякъде
_bРоман
_cИлия Маринов Троянов; прев. от нем. Гергана Иванова Фъркова.
250 _aНово изд.
257 _aDEU
260 София
_bСиела Софт енд Паблишинг
_c2007
300 _a232 с.
_c21 см
380 _aX
500 _a1. изд. 1997 на изд. Нар. култура. - Ориг. загл. Die Welt ist gross und Rettung lauert uberall / Ilija Trojanow. - Офс. изд.
653 _aромани
852 _aЦб 235961
856 4 _qpdf
_u
856 4 _qpdf
_u
942 _cKNG
_n0
_08
944 _aCR
_c09.10.2007
_lМоника Янева
_k30570
944 _aED
_c14.12.2009
_lф /
_k
999 _c73773
_d73773